Culture Générale - Série 2049 - Statistiques

Statistiques générales
  • Ce quiz a été pris 71 fois
  • Le résultat moyen est 3 sur 10
Statistiques - réponses
Question Réponse % Correct
Pistolet à impulsion électrique à effet paralysant dont le nom est l'acronyme du fabriquant - 5 lettres - voir photo taser
85%
L'anagramme de "dance" est une division de signe zodiacal decan
69%
De quel groupe faisait partie le chanteur Gérard Blanc (1947-2009) dans les années 1970 ? Martin Circus
35%
Sous quel nom connait-on mieux l'actrice Brigitte Vanmeerhaeghe ? Brigitte Lahaie
26%
Se laisser distraire de son objectif, de ses intérêts, abandonner un avantage réel pour un profit illusoire : c'est "lâcher la proie pour l'.... ombre
26%
Dans quel pays africain se trouve le cap blanc ? Tunisie
21%
Qui a composé "La veuve joyeuse" en 1905 ? Franz Lehar
13%
Toupie en bois, ou autres matériaux tels que l’ivoire, constituée par un cube traversé par un axe - 5 lettres commençant par " t " toton
6%
Ce poisson est appelé également "brochet de mer" spet
1%
Le melia est un arbre à fleurs odorantes appelé aussi " acajou de ... Ceylan
0%
Aucun quiz correspondant
Distribution des résultats
% des personnes avec chaque résultat
Percentile par nombre de réponses
Votre historique - résultats
Vous n’avez pas pris ce quiz